LEADER 01500nam a2200337 a 4500 001 000000173430 003 CaOOAMICUS 005 20200516121425.0 008 200516s2019 it u000 u ita r 020 $a978-88-430-9859-0* 032 $aLibriCat 040 $aPUL$bita 082 04$a330.15 100 1 $aBaglieri, Mattia.$0(OLS)http://pul/name/111394 245 10$aAmartya Sen : $bwelfare, educazione, capacitą per il pensiero politico contemporaneo / $cMattia Baglieri. 260 $aRoma :$bCarocci,$c©2019. 300 $a233 p. ;$c22 cm 490 1 $aBiblioteca di testi e studi.$aStudi politici ;$v1274 600 14$aSen, Amartya Kumar,$d1933-$0(OLS)http://pul/subject/34469 650 4$aWelfare state.$0(OLS)http://pul/subject/18631 650 4$aEtica sociale.$0(OLS)http://pul/subject/548 830 0$aBiblioteca di testi e studi.$pStudi politici ;$v1274.$0(OLS)http://pul/title/186197 850 $aPUL 852 $aPUL$W1$xSL Diritto e Scienze Sociali 3$y79$m330. 15 BAGMA 1$j197423$qDDC 21$B202207$CPULBib$Z2$F202207 $H134135 $82 941 1 $a9 960 $aStato sociale$918631 996 $6020$a978-88-430-9859-0*$9(OLS)http://pul/number/167434 996 $6082$a330.15$9(OLS)http://pul/classification/474 996 $6245$aAmartya Sen : $bwelfare, educazione, capacitą per il pensiero politico contemporaneo / $9(OLS)http://pul/title/214612 996 $6260$aRoma :$bCarocci$9(OLS)http://pul/publisher/66917 LEADER 02291namaa2200397 i 4500 001 000000177774 003 CaOOAMICUS 005 20250519175844.0 008 250519s2025 it u000 u ita r 020 $a978-88-08-07093-7* 032 $aLibriCat 040 $aPUL$bita 082 00$a346.45066 245 10$aAumento di capitale, sottoscrizione e versamenti, conferimenti di beni in natura e di crediti, diritto di opzione, passaggio di riserve a capitale, delega agli amministratori, Iscrizione nel registro delle imprese :$bArt. 2438-2444 /$cAlberto Picciau, Sergio Luoni, Rossella Rivaro, Ferdinando Cutino. 260 $aBologna :$bZanichelli,$c©2025. 300 $aXXIV, 600 pagine ;$c25 cm 336 $atesto$btxt$2rdacontent 337 $asenza mediazione$btxt$2rdamedia 338 $avolume$bnc$2rdacarrier 490 1 $aCommentario del Codice civile Scialoja-Branca.$aLibro quarto, Del lavoro$aart. 2438-2444 504 $aContiene riferimenti bibliografici e indice. 650 04$aDiritto del lavoro$zItalia.$0(OLS)http://pul/subject/2593 650 4$aImprese$xDiritto e legislazione.$0(OLS)http://pul/subject/25883 700 1 $aPicciau, Alberto,$eautore.$0(OLS)http://pul/name/114390 700 1 $aCutino, Ferdinando,$eautore.$0(OLS)http://pul/name/114392 700 1 $aRivaro, Rossella,$eautore.$0(OLS)http://pul/name/114391 700 1 $aLuoni, Sergio,$eautore.$0(OLS)http://pul/name/78180 830 0$aCommentario del Codice civile Scialoja-Branca.$nLibro quinto,$pDel lavoro ;$vart. 2438-2444.$0(OLS)http://pul/title/56765 850 $aPUL 852 $aPUL$W1$xSL Diritto e Scienze Sociali 3$y79$m346. 45 COLL 7.2438$j201694$qDDC 21$B206744$CPULBib$Z2$F206744 $H137881 $82 941 1 $a9 996 $6020$a978-88-08-07093-7*$9(OLS)http://pul/number/170365 996 $6082$a346.45066$9(OLS)http://pul/classification/3293 996 $6245$aAumento di capitale, sottoscrizione e versamenti, conferimenti di beni in natura e di crediti, diritto di opzione, passaggio di riserve a capitale, delega agli amministratori, Iscrizione nel registro delle imprese :$bArt. 2438-2444$9(OLS)http://pul/title/219315 996 $6260$aBologna :$bZanichelli$9(OLS)http://pul/publisher/48255